Dinosaur Picture Quiz - Statistics

General Stats
  • This quiz has been taken 1,166 times
  • The average score is 11 of 20
Answer Stats
Picture Answer % Correct
Tyrannosaurus
99%
Triceratops
96%
Stegosaurus
93%
Velociraptor
75%
Brachiosaurus
74%
Spinosaurus
72%
Ankylosaurus
69%
Allosaurus
64%
Brontosaurus
61%
Carnotaurus
56%
Pachycephalosaurus
46%
Parasaurolophus
45%
Baryonyx
37%
Dilophosaurus
34%
Oviraptor
34%
Ceratosaurus
32%
Compsognathus
32%
Kentrosaurus
32%
Ornithomimus
29%
Styracosaurus
26%
No matching quizzes found
Score Distribution
Percent of People with Each Score
Percentile by Number Answered
Your Score History
You have not taken this quiz